000
00390nam a2200133Ia 4500
008
151001s9999||||xx |||||||||||||| ||und||
100
_a
श्रीकांत चौगुले
245
_a
महाराष्ट्राचे मुख्यमंत्री
250
_a
1
260
_b
आविष्कार
260
_c
2002
300
_a
32
365
_b
21
999
_c
980497
_d
980494